[Event "Moscow op-A"]
[Site "Moscow"]
[Date "2015.02.05"]
[Round "6"]
[White "Taalaibekov, Tagir"]
[Black "Terekhov, Konstantin"]
[Result "0-1"]
[WhiteElo "2037"]
[BlackElo "2178"]
[PlyCount "64"]
[EventDate "2015.01.31"]
[EventType "swiss"]
[EventRounds "9"]
[EventCountry "RUS"]
[SourceTitle "CBM 164 Extra"]
[Source "ChessBase"]
[SourceDate "2015.03.02"]
[SourceVersion "1"]
[SourceVersionDate "2015.03.02"]
[SourceQuality "1"]

1. d4 Nf6 2. Nf3 d5 3. c4 e6 4. Nc3 Be7 5. Bf4 0-0 6. e3 Nh5 7. c5 Nxf4 8. exf4 b6 9. b4 a5 10. a3 Bf6 11. Be2 axb4 12. axb4 Rxa1 13. Qxa1 Nc6 14. Na2 bxc5 15. bxc5 Bd7 16. Qc3 Qa8 17. Nc1 Qa4 18. Nb3 Rb8 19. Bd1 Qc4 20. Kd2 Rb4 21. Qxc4 dxc4 22. Na1 Nxd4 23. Nxd4 Bxd4 24. Nc2 Rb2 25. Kc1 Bf6 26. Re1 Rb5 27. Re4 Rxc5 28. Ne3 Bc6 29. Rxc4 Rxc4+ 30. Nxc4 Bxg2 31. f3 Bh3 32. Kd2 Bd4 0-1

[Event "Moscow op-A"]
[Site "Moscow"]
[Date "2015.02.04"]
[Round "5"]
[White "Terekhov, Konstantin"]
[Black "Proleiko, Julian"]
[Result "1/2-1/2"]
[WhiteElo "2178"]
[BlackElo "1981"]
[PlyCount "130"]
[EventDate "2015.01.31"]
[EventType "swiss"]
[EventRounds "9"]
[EventCountry "RUS"]
[SourceTitle "CBM 164 Extra"]
[Source "ChessBase"]
[SourceDate "2015.03.02"]
[SourceVersion "1"]
[SourceVersionDate "2015.03.02"]
[SourceQuality "1"]

1. d4 Nf6 2. c4 c5 3. d5 b5 4. cxb5 a6 5. bxa6 g6 6. Nc3 Bxa6 7. Nf3 d6 8. g3 Bg7 9. Bg2 0-0 10. 0-0 Nbd7 11. Re1 Ng4 12. Qc2 Qa5 13. Bd2 Rfb8 14. Bh3 Nde5 15. Nd1 Qb6 16. Nxe5 Nxe5 17. Bc3 c4 18. Ne3 h5 19. Qe4 Rf8 20. Kh1 f5 21. Qf4 Bb7 22. Bg2 Rac8 23. Nc2 Ng4 24. Nd4 Bh6 25. Qf3 Ne5 26. Nxf5 Nxf3 27. Nxe7+ Kh7 28. Nxc8 Bxc8 29. exf3 Qc7 30. Re2 Bg7 31. Rae1 Rf7 32. Bb4 Bf5 33. h3 Qb6 34. a3 Qc7 35. Rc1 Bd3 36. Rd2 Qd7 37. b3 Bf5 38. g4 cxb3 39. gxf5 Qxf5 40. Rdd1 b2 41. Rb1 Rc7 42. Bd2 Qxd5 43. f4 Qb3 44. Be3 Qxa3 45. Kh2 Rc3 46. Re1 Rc7 47. Be4 Rd7 48. Rg1 d5 49. Bxg6+ Kh8 50. Rbd1 d4 51. Be4 Qe7 52. Bf5 Rd5 53. Bb1 Rd8 54. Bd2 Qe2 55. Bc2 d3 56. Bb1 Qxf2+ 57. Rg2 Qf3 58. Re1 Rc8 59. Re7 Qxg2+ 60. Kxg2 Rc2 61. Re8+ Kh7 62. Re2 Bc3 63. Kf3 Bxd2 64. Rg2 Kh8 65. Ke4 Bxf4 1/2-1/2

[Event "Moscow op-A"]
[Site "Moscow"]
[Date "2015.01.31"]
[Round "1"]
[White "Terekhov, Konstantin"]
[Black "Kezin, Roman"]
[Result "0-1"]
[WhiteElo "2178"]
[BlackElo "2408"]
[PlyCount "76"]
[EventDate "2015.01.31"]
[EventType "swiss"]
[EventRounds "9"]
[EventCountry "RUS"]
[SourceTitle "CBM 164 Extra"]
[Source "ChessBase"]
[SourceDate "2015.03.02"]
[SourceVersion "1"]
[SourceVersionDate "2015.03.02"]
[SourceQuality "1"]

1. d4 d5 2. c4 e6 3. Nc3 c6 4. e4 dxe4 5. Nxe4 Bb4+ 6. Bd2 Qxd4 7. Bxb4 Qxe4+ 8. Be2 Na6 9. Ba5 Qh4 10. Qd6 Qe7 11. Qg3 f6 12. 0-0-0 Bd7 13. Qe3 Nh6 14. g4 e5 15. h3 0-0 16. f4 Rfe8 17. Qd2 b6 18. Bc3 Rad8 19. fxe5 Bxg4 20. Qe1 Rxd1+ 21. Bxd1 Bxd1 22. Qxd1 fxe5 23. Nf3 e4 24. Rg1 exf3 25. Rxg7+ Qxg7 26. Bxg7 f2 27. Bc3 Re1 28. Bxe1 f1Q 29. Qd8+ Kg7 30. Qg5+ Kf7 31. Qh5+ Ke7 32. Qh4+ Kd7 33. Kc2 Qf5+ 34. Kc1 Nf7 35. Qd4+ Kc8 36. b4 c5 37. bxc5 Nxc5 38. Bh4 Qf4+ 0-1

[Event "Moscow op-E"]
[Site "Moscow"]
[Date "2011.02.02"]
[Round "5.54"]
[White "Obodchuk, Andrei"]
[Black "Terekhov, Konstantin"]
[Result "1/2-1/2"]
[WhiteElo "2391"]
[BlackElo "2223"]
[PlyCount "58"]
[EventDate "2011.01.29"]
[EventType "swiss"]
[EventRounds "9"]
[EventCountry "RUS"]
[SourceTitle "EXT 2022"]
[Source "ChessBase"]
[SourceDate "2021.10.06"]
[SourceVersion "1"]
[SourceVersionDate "2021.10.06"]
[SourceQuality "1"]

1. Nf3 Nf6 2. c4 g6 3. Nc3 Bg7 4. d4 d5 5. cxd5 Nxd5 6. e4 Nxc3 7. bxc3 c5 8. Be3 Nc6 9. Qd2 Bg4 10. d5 Qa5 11. Rc1 Bxf3 12. gxf3 Ne5 13. Be2 h5 14. h3 Rd8 15. f4 Nc6 16. Qb2 Nd4 17. Bxd4 cxd4 18. Qb5+ Qxb5 19. Bxb5+ Kf8 20. cxd4 Bxd4 21. Rc7 Rb8 22. Ke2 Bb6 23. Rc2 Kg7 24. Rhc1 Rhd8 25. Ba4 e6 26. Bb3 exd5 27. Bxd5 Rd7 28. Rc8 Rxc8 29. Rxc8 Rc7 1/2-1/2

[Event "Moscow op-A"]
[Site "Moscow"]
[Date "2009.02.03"]
[Round "4"]
[White "Terekhov, Konstantin"]
[Black "Morozov, Grigory"]
[Result "1/2-1/2"]
[WhiteElo "2228"]
[BlackElo "2510"]
[PlyCount "60"]
[EventDate "2009.01.31"]
[EventType "swiss"]
[EventRounds "9"]
[EventCountry "RUS"]
[SourceTitle "EXT 2022"]
[Source "ChessBase"]
[SourceDate "2021.10.06"]
[SourceVersion "1"]
[SourceVersionDate "2021.10.06"]
[SourceQuality "1"]

1. d4 d5 2. c4 e6 3. Nc3 c6 4. Nf3 dxc4 5. a4 Bb4 6. e3 b5 7. Bd2 a5 8. Ne5 Bb7 9. Qg4 Kf8 10. Qh5 Qe8 11. Ne4 Be7 12. Ng5 Bxg5 13. Qxg5 f6 14. Qf4 g5 15. Qf3 Kg7 16. Qg3 fxe5 17. Qxg5+ Qg6 18. Qxe5+ Nf6 19. axb5 cxb5 20. Qxb5 Bd5 21. Bxc4 Nbd7 22. Bxd5 exd5 23. 0-0 Rab8 24. Qc6 Rhc8 25. Qd6 Rxb2 26. Bxa5 Qf5 27. Bc7 Ne4 28. Qe7+ Qf7 29. Qxf7+ Kxf7 30. Ra7 Ke7 1/2-1/2